书目信息 |
| 题名: |
机械振动
|
|
| 作者: | 赛托 著 ;胡宗武 译 | |
| 分册: | ||
| 出版信息: | 北京 煤炭工业出版社 1982.12 |
|
| 页数: | 334页 | |
| 开本: | 20cm | |
| 丛书名: | ||
| 单 册: | ||
| 中图分类: | TH113.1 | |
| 科图分类: | ||
| 主题词: | 机械学:动力学 | |
| 电子资源: | ||
| ISBN: | ||
| 000 | 00567nam0 2200205 45 | |
| 001 | 0312221749 | |
| 005 | 20031222170912.2 | |
| 010 | @dCNY1.50 | |
| 100 | @a20031222d1982 km y0chiy0120 ea | |
| 101 | @achi | |
| 105 | @a z 000yy | |
| 200 | 1 | @a机械振动@AJi Xie Zhen Dong@f(美)赛托著@F(Mei)Sai Tuo Zhu@g胡宗武译@e理论与例题 |
| 210 | @a北京@c煤炭工业出版社@d1982.12 | |
| 215 | @a334页@d20cm | |
| 606 | 0 | @a机械学:动力学 |
| 690 | @aTH113.1@v3 | |
| 701 | 0 | @a赛托@4著 |
| 702 | 0 | @a胡宗武@4译 |
| 801 | @aCN@bTSTCL@c20031222 | |
| 905 | @a213230@dTH113.1@e23@b162145@f1 | |
| 机械振动/(美)赛托著/胡宗武译:理论与例题.-北京:煤炭工业出版社,1982.12 |
| 334页;20cm |
| ISBN :CNY1.50 |
| ● |
| 相关链接 |
|
|
|
|
正题名:机械振动
索取号:TH113.1/23
 
预约/预借
| 序号 | 登录号 | 条形码 | 馆藏地/架位号 | 状态 | 备注 |
| 1 | 0162145 | 001363731 | 第二样本阅览室/ [索取号:TH113.1/23] | 在馆 |